| 000 | 00885cam a22002293a 4500 | ||
|---|---|---|---|
| 001 | 32186 | ||
| 003 | PGUSA | ||
| 005 | 20140828083710.0 | ||
| 008 | 100430s2010||||xxu|||||s|||||000 | eng d | ||
| 040 |
_aPGUSA _beng |
||
| 042 | _adc | ||
| 050 | 4 | _aPR | |
| 245 | 1 | 0 |
_aTales from "Blackwood," Volume 2 _h[electronic resource] / _cVarious |
| 260 |
_bProject Gutenberg, _c2010 |
||
| 505 | 0 | _aLazaro's legacy: a tale of the siege of Gibraltar / E.B. Hamley -- A story without a tail / Dr. Maginn -- The enchanter Faustus and Queen Elizabeth -- How I became a yeoman / Professor Aytoun -- Devereux Hall / Mrs. Southey -- The metempsychosis / Robert Macnish -- College theatricals. | |
| 506 | _aPublic domain in the USA. | ||
| 516 | _aElectronic text | ||
| 653 | _aShort stories | ||
| 830 | 0 |
_aProject Gutenberg _v32186 |
|
| 856 | 4 | 0 | _uhttp://www.gutenberg.org/ebooks/32186 |
| 942 | _cEB | ||
| 999 |
_c261441 _d261441 |
||